|
|
|
|
| LEADER |
00000nam2a2200000 4500 |
| 001 |
18153 |
| 005 |
20231101205203.0 |
| 035 |
|
|
|a (RuTPU)RU\TPU\book\18302
|
| 090 |
|
|
|a 18153
|
| 100 |
|
|
|a 20011209d1980 k y0rusy50 ca
|
| 101 |
1 |
|
|a rus
|c eng
|
| 102 |
|
|
|a RU
|
| 105 |
|
|
|a y z 000zy
|
| 200 |
0 |
|
|a Т. 1
|
| 210 |
|
|
|d 1980
|
| 215 |
|
|
|a 495 с.
|
| 461 |
|
1 |
|0 (RuTPU)RU\TPU\book\76931
|t Основы политической экономии
|o Пер. с англ.
|f Дж. С. Милль
|v Т. 1
|d 1980-
|s Экономическая мысль Запада
|
| 606 |
|
|
|a Экономическая теория
|2 stltpush
|3 (RuTPU)RU\TPU\subj\26589
|9 50481
|
| 606 |
|
|
|a Экономические учения буржуазные
|2 stltpush
|3 (RuTPU)RU\TPU\subj\26612
|
| 610 |
1 |
|
|a экономика
|
| 610 |
1 |
|
|a экономическая мысль
|
| 610 |
1 |
|
|a капитал
|
| 610 |
1 |
|
|a капитализм
|
| 610 |
1 |
|
|a производство
|
| 610 |
1 |
|
|a политическая экономия буржуазная
|
| 686 |
|
|
|a У011
|v LBC/SL-A
|2 rubbk
|
| 686 |
|
|
|a У018
|v LBC/SL-A
|2 rubbk
|
| 801 |
|
0 |
|a RU
|b 63413507
|c 20011209
|g PSBO
|
| 801 |
|
2 |
|a RU
|b 63413507
|c 20181003
|g PSBO
|
| 942 |
|
|
|c BK
|